000 00394 a2200109 4500
001 ART_31286
005 20260410161840.0
008 260409a
245 1 0 _aPerspectivas jurisprudenciales de la responsabilidad del Estado en el proyecto de Código civil y comercial unificado
100 1 _aSalgan Ruiz, Leandro G.
773 0 _tRAP
_g- Año 36, Nº 423 (dic. 2013)
_wREV5941
999 _c24023
_d24023